Music Quiz

Random Music or Bands Quiz

Irish Singers of Songs With Short Titles II Quiz Stats

 Plays Quiz not verified by Sporcle

Score 0/16 Timer 10:00
0 Plays Today
Question Answer Wrong Answers
Beautiful Day U2
89.1%
Enya
7.8%
The Cranberries
1.6%
Sinead O'Connor
0%
Orinoco Flow Enya
67.2%
U2
3.1%
The Cranberries
4.7%
Sinead O'Connor
4.7%
Pride U2
67.2%
Enya
7.8%
The Cranberries
9.4%
Sinead O'Connor
3.1%
Mysterious Ways U2
64.1%
Enya
6.3%
The Cranberries
7.8%
Sinead O'Connor
1.6%
Flora's Secret Enya
56.3%
U2
4.7%
The Cranberries
9.4%
Sinead O'Connor
7.8%
The Celts Enya
53.1%
U2
4.7%
The Cranberries
25%
Sinead O'Connor
6.3%
Daffodil Lament The Cranberries
37.5%
U2
4.7%
Enya
43.8%
Sinead O'Connor
9.4%
Mandinka Sinead O'Connor
35.9%
U2
6.3%
Enya
42.2%
The Cranberries
9.4%
In This Heart Sinead O'Connor
34.4%
U2
7.8%
Enya
10.9%
The Cranberries
25%
Fire on Babylon Sinead O'Connor
34.4%
U2
23.4%
Enya
18.8%
The Cranberries
4.7%
All Apologies (cover) Sinead O'Connor
32.8%
U2
17.2%
Enya
18.8%
The Cranberries
23.4%
Why? The Cranberries
29.7%
U2
7.8%
Enya
18.8%
Sinead O'Connor
21.9%
Storms in Africa Enya
25%
U2
15.6%
The Cranberries
17.2%
Sinead O'Connor
20.3%
I Still Do The Cranberries
23.4%
U2
9.4%
Enya
15.6%
Sinead O'Connor
32.8%
Ordinary Love U2
21.9%
Enya
26.6%
The Cranberries
20.3%
Sinead O'Connor
14.1%
Waltzing Back The Cranberries
17.2%
U2
12.5%
Enya
37.5%
Sinead O'Connor
26.6%

You're not logged in!

Compare scores with friends on all Sporcle quizzes.
OR
Log In

Show Comments

Extras

Top Quizzes Today


Score Distribution

Your Account Isn't Verified!

In order to create a playlist on Sporcle, you need to verify the email address you used during registration. Go to your Sporcle Settings to finish the process.

Report this User

Report this user for behavior that violates our Community Guidelines.

Details: